000 00248nam a22000977a 4500
999 _c16231
_d16231
003 OSt
008 200625b ||||| |||| 00| 0 eng d
100 _aNatarajan, T
_94633
245 _aMathematics for the engineering course vol-1 2nd year
942 _cBK